| 000 | 01044cac a22002651u 4500 | ||
|---|---|---|---|
| 090 | _c7602 | ||
| 008 | 090106t 1990xxu||||| |||| 00| 0 eng d | ||
| 010 | _a 89025633 | ||
| 020 | _a0029190509 | ||
| 082 | 0 | 0 |
_a658.044 _bLEW |
| 100 | _aLewis, Jordan D. | ||
| 245 | 1 | 0 |
_aPartnerships for profit : _bstructuring and managing strategic alliances / _cJordan D. Lewis. |
| 260 |
_aNew York : _bFree Press ; _aLondon : _bCollier Macmillan, _cc1990. |
||
| 260 | _bDistributer: Al-Ahram | ||
| 300 |
_axiv. 336 p. ; _c25 cm. |
||
| 504 | _aIncludes bibliographical references (p. 255-324). | ||
| 650 | 0 |
_aJoint ventures _xCase studies. |
|
| 650 | 0 |
_aInternational business enterprises _xCase studies. |
|
| 650 | 0 | _aCooperation. | |
| 650 | 0 | _aStrategic planning. | |
| 650 | 0 |
_aStrategic alliances (Business) _xCase studies. |
|
| 740 | 0 | _aStrategic alliances. | |
| 942 |
_cBB _k658.044LEW _2ddc |
||
| 999 |
_c7602 _d7602 |
||